ANALYSIS OF THE SOFTWARE BEHAVIOUR USING FORENSIC METHODS FOR COMPUTER SECURITY PURPOSES

Bibliographic Details
Main Authors: Madoš, Branislav, 1976- (Author), Hurtuk, Ján (Author), Moravčík, Kristián (Author), Vokorokos, Liberios (Author), Čajkovský, Marek (Author)
Format: Article
Language:English

MARC

LEADER 00000nab a2200000uu 4500
001 vtls011153534
003 SK-MaSNL
005 20260303151220.0
008 230222|2014 xo |||||||||||||||||eng|
015 |a SNBRB 
035 |a (urnnbn)urn:nbn:sk:snk:ar-a0a5tn 
035 |a (uuid)8c5645c7-a830-4ba0-8958-2a631b10b799 
035 |a urn:nbn:sk:snk-abb2hb 
040 |a SNKBUCL  |b slo  |c SNKBUCL  |e AACR2 
041 0 |a eng 
044 |a xo  |c SK 
100 1 |a Madoš, Branislav,  |d 1976-  |4 aut  |9 26404 
245 1 0 |a ANALYSIS OF THE SOFTWARE BEHAVIOUR USING FORENSIC METHODS FOR COMPUTER SECURITY PURPOSES  |c Branislav Madoš, Ján Hurtuk, Kristián Moravčík, Liberios Vokorokos, Marek Čajkovský 
700 1 |a Hurtuk, Ján  |4 aut  |9 814010 
700 1 |a Moravčík, Kristián  |4 aut  |9 1170476 
700 1 |a Vokorokos, Liberios  |4 aut  |9 798570 
700 1 |a Čajkovský, Marek  |4 aut  |9 1170477 
773 0 |t Acta electrotechnica et informatica : (Tlačené vyd.)  |g Roč. 14, č. 2 (2014), s. 36-40 
954 |a odborná, vedecká literatúra pôvodná (slovenská)  |2 lita 
958 |a OND 
958 |a EUIPO 
958 |a article14 
999 |c 2016649  |d 2018579